000 00713nam a2200253Ia 4500
003 OSt
005 20220924120948.0
006 a|||||r|||| 00| 0
007 ta
008 220923b |||||||| |||| 00| 0 urd d
020 _a818723105X (hbk)
020 _c120.00
024 _a318967
037 _cTextual
040 _aARTS
_cARTS
_burd
041 _2urd
_aurd
082 _aO168,3N24x, N8
100 _aZauqui Musharraf Alam Au.
_9183806
245 0 _aGhulam bakhsh aur deegar afsane
260 _aDelhi
_bTakhleeqkar publishers India
_c1998
650 _aURDU FICTION
_93298
942 _hO168,3N24x, N8
_cTEXL
_2CC
999 _c405195
_d405195